IRUTTINTE ATHMAVU (Record no. 6800)
[ view plain ]
| 000 -LEADER | |
|---|---|
| fixed length control field | 00488nam a22001457a 4500 |
| 020 ## - INTERNATIONAL STANDARD BOOK NUMBER | |
| ISBN | 978-81-226-1203-5 |
| 082 ## - DEWEY DECIMAL CLASSIFICATION NUMBER | |
| Classification number | 894.812.3 |
| Item number | VAS/E |
| 100 ## - MAIN ENTRY--AUTHOR NAME | |
| Personal name | VASUDEVAN NAIR |
| 245 ## - TITLE STATEMENT | |
| Title | IRUTTINTE ATHMAVU |
| 260 ## - PUBLICATION, DISTRIBUTION, ETC. (IMPRINT) | |
| Place of publication | THRISSUR |
| Name of publisher | CURRENT BOOKS |
| Year of publication | 2023 |
| 300 ## - PHYSICAL DESCRIPTION | |
| Number of Pages | 108 |
| 520 ## - SUMMARY, ETC. | |
| Summary, etc | Velayudhan, a mentally retarded person, lives along with his family. He shares everything with Lakshmi, his cousin. He struggles as Lakshmi leaves him and marries and old widower. |
| 650 ## - SUBJECT ADDED ENTRY--TOPICAL TERM | |
| Topical Term | NOVEL |
| 942 ## - ADDED ENTRY ELEMENTS (KOHA) | |
| Koha item type | Books |
| Withdrawn status | Lost status | Collection code | Home library | Current library | Shelving location | Date acquired | Source of acquisition | Cost, normal purchase price | Full call number | Accession Number | Koha item type |
|---|---|---|---|---|---|---|---|---|---|---|---|
| Non-fiction | Main Library | Main Library | NEW SHELF WITH NEW ENTRY | 27/09/2023 | Purchase | 160.00 | 823 VAS/E | 12853 | Books |